SAT Words HARD Click Quiz - I - Statistics

General Stats
  • This quiz has been taken 431 times
  • The average score is 9 of 15
Answer Stats
Hint Answer % Correct
Drink Imbibe
86%
Having no physical body Incorporeal
77%
Fearless; heroic Intrepid
72%
One who attacks traditional values Iconoclast
69%
Tending to stir up conflict Incendiary
67%
Complicated situation Imbroglio
64%
Incapable of improvement; delinquent Incorrigible
63%
Harmful but tempting Insidious
63%
Undeniable Incontrovertible
60%
Easily angered Irascible
58%
Mysterious Inscrutable
53%
Win over with cunning or trickery Inveigle
53%
Relentless; inevitable Inexorable
51%
Undeveloped or incipient Inchoate
48%
Indescribable; unspeakable Ineffable
45%
No matching quizzes found
Score Distribution
Percent of People with Each Score
Percentile by Number Answered
Your Score History
You have not taken this quiz